Vietnamese EFL teachers’ prioritized aspects in teaching content vocabulary to young learners: Teachers’ perceptions and practices : Master of education. Program: Principles and methods in English language education
Nghiên cứu của đề tài này nhằm khảo sát quan điểm và sự vận dụng của giáo viên dạy Tiếng Anh ở Việt Nam về những khía cạnh được ưu tiên trong việc dạy từ vựng (từ mang nội dung) cho trẻ con và những lý do làm cơ sở cho việc lựa chọn u...
Na minha lista:
| Autor principal: | |
|---|---|
| Formato: | Livro |
| Idioma: | Undetermined |
| Publicado em: |
Cần Thơ
Trường Đại học Cần Thơ
2019
|
| Assuntos: | |
| Tags: |
Adicionar Tag
Sem tags, seja o primeiro a adicionar uma tag!
|
| Thư viện lưu trữ: | Trung tâm Học liệu Trường Đại học Cần Thơ |
|---|
| LEADER | 01347nam a2200229Ia 4500 | ||
|---|---|---|---|
| 001 | CTU_232840 | ||
| 008 | 210402s9999 xx 000 0 und d | ||
| 082 | |a 428.007 | ||
| 082 | |b Nh300 | ||
| 088 | |a 8140111 | ||
| 100 | |a Lê, Thị Tuyết Nhi | ||
| 245 | 0 | |a Vietnamese EFL teachers’ prioritized aspects in teaching content vocabulary to young learners: Teachers’ perceptions and practices : | |
| 245 | 0 | |b Master of education. Program: Principles and methods in English language education | |
| 245 | 0 | |c Lê Thị Tuyết Nhi ; Trương Viên, Nguyễn Hải Quân (Cán bộ hướng dẫn) | |
| 260 | |a Cần Thơ | ||
| 260 | |b Trường Đại học Cần Thơ | ||
| 260 | |c 2019 | ||
| 520 | |a Nghiên cứu của đề tài này nhằm khảo sát quan điểm và sự vận dụng của giáo viên dạy Tiếng Anh ở Việt Nam về những khía cạnh được ưu tiên trong việc dạy từ vựng (từ mang nội dung) cho trẻ con và những lý do làm cơ sở cho việc lựa chọn ưu tiên những khía cạnh trong dạy từ vựng. | ||
| 650 | |a English language,Tiếng Anh | ||
| 650 | |x Study and teaching,Dạy và học | ||
| 910 | |b nthai | ||
| 980 | |a Trung tâm Học liệu Trường Đại học Cần Thơ | ||